|
|
|
|
| LEADER |
01151nam a2200277 a 4500 |
| 001 |
1808888 |
| 008 |
091205s1982 coua b 001 0 eng d |
| 010 |
|
|
|a 79017679
|
| 020 |
|
|
|a 0891586822
|
| 040 |
|
|
|a DLC
|c DLC
|d DLC
|
| 082 |
0 |
0 |
|a 333.3/23/095492
|2 19
|
| 100 |
1 |
|
|a Jannuzi, F. Tomasson,
|d 1934-
|
| 245 |
1 |
4 |
|a The agrarian structure of Bangladesh :
|b an impediment to development /
|c F. Tomasson Jannuzi, James T. Peach.
|
| 260 |
|
|
|a Boulder, Colo. :
|b Sangam Books,
|c 1982.
|
| 300 |
|
|
|a xv, 150 p. :
|b ill. ;
|c 24 cm.
|
| 490 |
0 |
|
|a Westview special studies on South and Southeast Asia
|
| 504 |
|
|
|a Includes Bibliography: [p. [137]-144] and index.
|
| 541 |
1 |
|
|e 00006405
|
| 590 |
|
|
|a In English.
|
| 650 |
|
0 |
|a Land tenure
|z Bangladesh.
|
| 650 |
|
0 |
|a Rural development
|z Bangladesh.
|
| 650 |
|
0 |
|a Land reform
|z Bangladesh.
|
| 700 |
1 |
|
|a Peach, James T.,
|e joint author.
|
| 852 |
4 |
|
|a Ayesha Abed Library
|j General Shelf.
|
| 999 |
|
|
|c 6019
|d 6019
|
| 952 |
|
|
|0 0
|1 0
|2 ddc
|4 0
|6 333_323095492000000_JAN_1982
|7 0
|9 6004
|a BRACUL
|b BRACUL
|c GEN
|d 2009-12-07
|g 0.00
|l 0
|o 333.323095492 JAN
|p 3010006405
|r 2009-12-07
|t 1
|w 2009-12-07
|y BK
|x No price found in the accession register.
|